<?xml version="1.0" encoding="UTF-8"?>
<record
    xmlns:xsi="http://www.w3.org/2001/XMLSchema-instance"
    xsi:schemaLocation="http://www.loc.gov/MARC21/slim http://www.loc.gov/standards/marcxml/schema/MARC21slim.xsd"
    xmlns="http://www.loc.gov/MARC21/slim">

  <leader>     nam a22     7a 4500</leader>
  <datafield tag="999" ind1=" " ind2=" ">
    <subfield code="c">44794</subfield>
    <subfield code="d">44794</subfield>
  </datafield>
  <controlfield tag="003">OSt</controlfield>
  <controlfield tag="005">20190307111821.0</controlfield>
  <controlfield tag="008">190307b        xxu||||| |||| 00| 0 eng d</controlfield>
  <datafield tag="040" ind1=" " ind2=" ">
    <subfield code="c">IIMT COLLEGE OF POLYTECHNIC</subfield>
  </datafield>
  <datafield tag="100" ind1=" " ind2=" ">
    <subfield code="a">AGARWAL, PANKAJ</subfield>
  </datafield>
  <datafield tag="245" ind1=" " ind2=" ">
    <subfield code="a">EARTHQUAKE RESISTANT DESIGN OF STRUCTURES</subfield>
  </datafield>
  <datafield tag="260" ind1=" " ind2=" ">
    <subfield code="a">MUZAFFARNAGAR</subfield>
    <subfield code="b">ASIAN DISTRIBUTORS</subfield>
    <subfield code="c">2019</subfield>
  </datafield>
  <datafield tag="300" ind1=" " ind2=" ">
    <subfield code="a">634</subfield>
  </datafield>
  <datafield tag="942" ind1=" " ind2=" ">
    <subfield code="2">ddc</subfield>
    <subfield code="c">02</subfield>
  </datafield>
  <datafield tag="952" ind1=" " ind2=" ">
    <subfield code="0">0</subfield>
    <subfield code="1">0</subfield>
    <subfield code="2">ddc</subfield>
    <subfield code="4">0</subfield>
    <subfield code="7">0</subfield>
    <subfield code="a">10</subfield>
    <subfield code="b">10</subfield>
    <subfield code="d">2019-03-07</subfield>
    <subfield code="g">450.00</subfield>
    <subfield code="i">IN2858</subfield>
    <subfield code="l">1</subfield>
    <subfield code="p">10-B-16891</subfield>
    <subfield code="r">2019-06-14</subfield>
    <subfield code="s">2019-03-12</subfield>
    <subfield code="w">2019-03-07</subfield>
    <subfield code="y">02</subfield>
  </datafield>
  <datafield tag="952" ind1=" " ind2=" ">
    <subfield code="0">0</subfield>
    <subfield code="1">0</subfield>
    <subfield code="2">ddc</subfield>
    <subfield code="4">0</subfield>
    <subfield code="7">0</subfield>
    <subfield code="a">10</subfield>
    <subfield code="b">10</subfield>
    <subfield code="d">2019-03-07</subfield>
    <subfield code="g">450.00</subfield>
    <subfield code="i">IN2858</subfield>
    <subfield code="l">3</subfield>
    <subfield code="p">10-B-16892</subfield>
    <subfield code="r">2023-02-27</subfield>
    <subfield code="s">2022-09-13</subfield>
    <subfield code="w">2019-03-07</subfield>
    <subfield code="y">02</subfield>
  </datafield>
  <datafield tag="952" ind1=" " ind2=" ">
    <subfield code="0">0</subfield>
    <subfield code="1">0</subfield>
    <subfield code="2">ddc</subfield>
    <subfield code="4">0</subfield>
    <subfield code="7">0</subfield>
    <subfield code="a">10</subfield>
    <subfield code="b">10</subfield>
    <subfield code="d">2019-03-07</subfield>
    <subfield code="g">450.00</subfield>
    <subfield code="i">IN2858</subfield>
    <subfield code="l">1</subfield>
    <subfield code="p">10-B-16893</subfield>
    <subfield code="r">2021-03-17</subfield>
    <subfield code="s">2020-10-07</subfield>
    <subfield code="w">2019-03-07</subfield>
    <subfield code="y">02</subfield>
  </datafield>
  <datafield tag="952" ind1=" " ind2=" ">
    <subfield code="0">0</subfield>
    <subfield code="1">0</subfield>
    <subfield code="2">ddc</subfield>
    <subfield code="4">0</subfield>
    <subfield code="7">0</subfield>
    <subfield code="a">10</subfield>
    <subfield code="b">10</subfield>
    <subfield code="d">2019-03-07</subfield>
    <subfield code="g">450.00</subfield>
    <subfield code="i">IN2858</subfield>
    <subfield code="l">0</subfield>
    <subfield code="p">10-B-16894</subfield>
    <subfield code="r">2019-03-07</subfield>
    <subfield code="w">2019-03-07</subfield>
    <subfield code="y">02</subfield>
  </datafield>
  <datafield tag="952" ind1=" " ind2=" ">
    <subfield code="0">0</subfield>
    <subfield code="1">0</subfield>
    <subfield code="2">ddc</subfield>
    <subfield code="4">0</subfield>
    <subfield code="7">0</subfield>
    <subfield code="a">10</subfield>
    <subfield code="b">10</subfield>
    <subfield code="d">2019-03-07</subfield>
    <subfield code="g">450.00</subfield>
    <subfield code="i">IN2858</subfield>
    <subfield code="l">2</subfield>
    <subfield code="p">10-B-16895</subfield>
    <subfield code="r">2021-02-02</subfield>
    <subfield code="s">2020-11-17</subfield>
    <subfield code="w">2019-03-07</subfield>
    <subfield code="y">02</subfield>
  </datafield>
  <datafield tag="952" ind1=" " ind2=" ">
    <subfield code="0">0</subfield>
    <subfield code="1">0</subfield>
    <subfield code="2">ddc</subfield>
    <subfield code="4">0</subfield>
    <subfield code="7">0</subfield>
    <subfield code="a">10</subfield>
    <subfield code="b">10</subfield>
    <subfield code="d">2019-03-07</subfield>
    <subfield code="g">450.00</subfield>
    <subfield code="i">IN2858</subfield>
    <subfield code="l">3</subfield>
    <subfield code="p">10-B-16896</subfield>
    <subfield code="r">2022-04-08</subfield>
    <subfield code="s">2021-10-11</subfield>
    <subfield code="w">2019-03-07</subfield>
    <subfield code="y">02</subfield>
  </datafield>
  <datafield tag="952" ind1=" " ind2=" ">
    <subfield code="0">0</subfield>
    <subfield code="1">0</subfield>
    <subfield code="2">ddc</subfield>
    <subfield code="4">0</subfield>
    <subfield code="7">0</subfield>
    <subfield code="a">10</subfield>
    <subfield code="b">10</subfield>
    <subfield code="d">2019-03-07</subfield>
    <subfield code="g">450.00</subfield>
    <subfield code="i">IN2858</subfield>
    <subfield code="l">0</subfield>
    <subfield code="p">10-B-16897</subfield>
    <subfield code="r">2019-03-07</subfield>
    <subfield code="w">2019-03-07</subfield>
    <subfield code="y">02</subfield>
  </datafield>
  <datafield tag="952" ind1=" " ind2=" ">
    <subfield code="0">0</subfield>
    <subfield code="1">0</subfield>
    <subfield code="2">ddc</subfield>
    <subfield code="4">0</subfield>
    <subfield code="7">0</subfield>
    <subfield code="a">10</subfield>
    <subfield code="b">10</subfield>
    <subfield code="d">2019-03-07</subfield>
    <subfield code="g">450.00</subfield>
    <subfield code="i">IN2858</subfield>
    <subfield code="l">1</subfield>
    <subfield code="p">10-B-16898</subfield>
    <subfield code="q">2024-01-30</subfield>
    <subfield code="r">2024-01-05</subfield>
    <subfield code="s">2024-01-05</subfield>
    <subfield code="w">2019-03-07</subfield>
    <subfield code="y">02</subfield>
  </datafield>
  <datafield tag="952" ind1=" " ind2=" ">
    <subfield code="0">0</subfield>
    <subfield code="1">0</subfield>
    <subfield code="2">ddc</subfield>
    <subfield code="4">0</subfield>
    <subfield code="7">0</subfield>
    <subfield code="a">10</subfield>
    <subfield code="b">10</subfield>
    <subfield code="d">2019-03-07</subfield>
    <subfield code="g">450.00</subfield>
    <subfield code="i">IN2858</subfield>
    <subfield code="l">6</subfield>
    <subfield code="p">10-B-16899</subfield>
    <subfield code="r">2025-01-27</subfield>
    <subfield code="s">2024-09-24</subfield>
    <subfield code="w">2019-03-07</subfield>
    <subfield code="y">02</subfield>
  </datafield>
  <datafield tag="952" ind1=" " ind2=" ">
    <subfield code="0">0</subfield>
    <subfield code="1">0</subfield>
    <subfield code="2">ddc</subfield>
    <subfield code="4">0</subfield>
    <subfield code="7">0</subfield>
    <subfield code="a">10</subfield>
    <subfield code="b">10</subfield>
    <subfield code="d">2019-03-07</subfield>
    <subfield code="g">450.00</subfield>
    <subfield code="i">IN2858</subfield>
    <subfield code="l">3</subfield>
    <subfield code="p">10-B-16900</subfield>
    <subfield code="r">2024-02-28</subfield>
    <subfield code="s">2023-10-26</subfield>
    <subfield code="w">2019-03-07</subfield>
    <subfield code="y">02</subfield>
  </datafield>
  <datafield tag="952" ind1=" " ind2=" ">
    <subfield code="0">0</subfield>
    <subfield code="1">0</subfield>
    <subfield code="2">ddc</subfield>
    <subfield code="4">0</subfield>
    <subfield code="7">0</subfield>
    <subfield code="a">10</subfield>
    <subfield code="b">10</subfield>
    <subfield code="d">2019-03-07</subfield>
    <subfield code="g">450.00</subfield>
    <subfield code="i">IN2858</subfield>
    <subfield code="l">1</subfield>
    <subfield code="p">10-B-16901</subfield>
    <subfield code="r">2020-10-03</subfield>
    <subfield code="s">2020-02-12</subfield>
    <subfield code="w">2019-03-07</subfield>
    <subfield code="y">02</subfield>
  </datafield>
  <datafield tag="952" ind1=" " ind2=" ">
    <subfield code="0">0</subfield>
    <subfield code="1">0</subfield>
    <subfield code="2">ddc</subfield>
    <subfield code="4">0</subfield>
    <subfield code="7">0</subfield>
    <subfield code="a">10</subfield>
    <subfield code="b">10</subfield>
    <subfield code="d">2019-03-07</subfield>
    <subfield code="g">450.00</subfield>
    <subfield code="i">IN2858</subfield>
    <subfield code="l">3</subfield>
    <subfield code="p">10-B-16902</subfield>
    <subfield code="r">2023-03-21</subfield>
    <subfield code="s">2022-11-09</subfield>
    <subfield code="w">2019-03-07</subfield>
    <subfield code="y">02</subfield>
  </datafield>
  <datafield tag="952" ind1=" " ind2=" ">
    <subfield code="0">0</subfield>
    <subfield code="1">0</subfield>
    <subfield code="2">ddc</subfield>
    <subfield code="4">0</subfield>
    <subfield code="7">0</subfield>
    <subfield code="a">10</subfield>
    <subfield code="b">10</subfield>
    <subfield code="d">2019-03-07</subfield>
    <subfield code="g">450.00</subfield>
    <subfield code="i">IN2858</subfield>
    <subfield code="l">3</subfield>
    <subfield code="p">10-B-16903</subfield>
    <subfield code="r">2025-12-17</subfield>
    <subfield code="s">2025-09-30</subfield>
    <subfield code="w">2019-03-07</subfield>
    <subfield code="y">02</subfield>
  </datafield>
  <datafield tag="952" ind1=" " ind2=" ">
    <subfield code="0">0</subfield>
    <subfield code="1">0</subfield>
    <subfield code="2">ddc</subfield>
    <subfield code="4">0</subfield>
    <subfield code="7">0</subfield>
    <subfield code="a">10</subfield>
    <subfield code="b">10</subfield>
    <subfield code="d">2019-03-07</subfield>
    <subfield code="g">450.00</subfield>
    <subfield code="i">IN2858</subfield>
    <subfield code="l">0</subfield>
    <subfield code="p">10-B-16904</subfield>
    <subfield code="r">2019-03-07</subfield>
    <subfield code="w">2019-03-07</subfield>
    <subfield code="y">02</subfield>
  </datafield>
  <datafield tag="952" ind1=" " ind2=" ">
    <subfield code="0">0</subfield>
    <subfield code="1">0</subfield>
    <subfield code="2">ddc</subfield>
    <subfield code="4">0</subfield>
    <subfield code="7">0</subfield>
    <subfield code="a">10</subfield>
    <subfield code="b">10</subfield>
    <subfield code="d">2019-03-07</subfield>
    <subfield code="g">450.00</subfield>
    <subfield code="i">IN2858</subfield>
    <subfield code="l">4</subfield>
    <subfield code="p">10-B-16905</subfield>
    <subfield code="r">2023-03-03</subfield>
    <subfield code="s">2022-10-10</subfield>
    <subfield code="w">2019-03-07</subfield>
    <subfield code="y">02</subfield>
  </datafield>
</record>
